00635nam a2200157Ia 4500008004100000100001700041245011000058245006200168260005300230260001800283300000800301650001500309856006100324999001900385952007300404170221s9999 xx 000 0 und d aMazri Yaakob aCritical Success Factors to Implementing Building Information Modeling in Malaysia Construction Industry  cMazri Yaakob, Wan Nur Athirah Wan Ali, Kamaruddin Radzuan bInternational Review of Management and Marketing cNovember 2015 a4:4 xMarketing. uhttp://www.econjournals.com/index.php/irmm/issue/view/97 c310069d310069 001040aCLbCLd2017-02-21l0r2017-02-21 00:00:00w2017-02-21yFOJ